| 000 | 00372nam a2200145Ia 4500 | ||
|---|---|---|---|
| 005 | 20251222152555.0 | ||
| 008 | 251222s9999||||xx |||||||||||||| ||spa|| | ||
| 020 | _a9561117657 | ||
| 082 | _a868.930.8/C19 | ||
| 100 | _aCalderón, Alfonso | ||
| 245 | 0 | _aAntología de la Poesía Chilena Contemporánea | |
| 250 | _a4ta.ed. | ||
| 264 | _bUniversitaria S.A, | ||
| 942 | _cLIB | ||
| 999 |
_c26398 _d26398 |
||